| 000 | 00638nam a22002057a 4500 | ||
|---|---|---|---|
| 005 | 20170124110156.0 | ||
| 010 | _aB-161890 | ||
| 020 |
_a9788189093099 _c95.00 |
||
| 035 | _aB-161890 | ||
| 037 | _bCen Lib/Ret | ||
| 040 |
_aDPL _bEN |
||
| 082 |
_a630 _bLOT |
||
| 245 |
_aLotus illustrated dictionary of agriculture / _cedited by Charlie Hamington |
||
| 260 |
_aNew Delhi _bLotus Press _c2004 |
||
| 270 |
_a4263/3, Ansari Road Darya Ganj _bNew Delhi _e110002 |
||
| 300 |
_a264p. : _c21cm(pbk) _bill. |
||
| 650 |
_aAgriculture _vDictionary _935048 |
||
| 700 |
_aHamington,Charlie _935040 |
||
| 942 |
_2ddc _cEN _h630 _mLOT |
||
| 999 |
_c132545 _d132545 |
||